The concept of race.

Bibliographic Details
Main Author: Montagu, Ashley, 1905-1999
Format: Book
Language:English
Published: [New York] : Free Press of Glencoe, [1964]
Subjects:

MARC

Tag First Indicator Second Indicator Subfields
LEADER 00000cam a2200000 4500
001 in00000049276
005 20151007065740.0
008 720418s1964 nyu b 00000 eng u
010 |a  64020310  
035 |a (OCoLC)00287443 
035 |9 AAE2598AM 
040 |c OUN  |d TXA  |d UtOrBLW 
049 |a TXAM  |c [453055] 
050 0 |a GN320  |b .M585 
092 |a 572  |b M758c, 1964 
100 1 |a Montagu, Ashley,  |d 1905-1999. 
245 1 4 |a The concept of race. 
264 1 |a [New York] :  |b Free Press of Glencoe,  |c [1964] 
300 |a xviii, 270 pages :  |b illustrations, maps. ;  |c 22 cm. 
336 |a text  |b txt  |2 rdacontent 
337 |a unmediated  |b n  |2 rdamedia 
338 |a volume  |b nc  |2 rdacarrier 
504 |a Includes bibliographies. 
650 0 |a Race. 
999 |a MARS 
999 f f |s 25520d65-205c-377c-b66b-028fa692d92f  |i c6c63050-4cdf-35ef-974d-6222ac0f7b0e  |t 0 
952 f f |p normal  |a Texas A&M University  |b College Station  |c Sterling C. Evans Library  |d Evans: Library Stacks  |t 0  |e GN320 .M585  |h Library of Congress classification  |i unmediated -- volume  |m A14800967518 
998 f f |a GN320 .M585  |t 0  |l Evans: Library Stacks